000 00549nam a2200205Ia 4500
008 160803s9999 xx 000 0 und d
020 _a9780439341752
100 _aTeitelbaum, Michael
245 _aIf I could drive a bulldozer! /
245 _cby Michael Teitelbaum ; illustrated by Uldis Klavins.
260 _aNew York :
260 _bScholastic Inc.
260 _c2002
300 _a1 volume (unpaged) :
300 _bcolor illustrations ;
300 _c20 cm
650 _aBulldozers --
650 _xFiction.
700 _a620
999 _c298983
_d298983